<?xml version="1.0" encoding="UTF-8"?>
<record
    xmlns:xsi="http://www.w3.org/2001/XMLSchema-instance"
    xsi:schemaLocation="http://www.loc.gov/MARC21/slim http://www.loc.gov/standards/marcxml/schema/MARC21slim.xsd"
    xmlns="http://www.loc.gov/MARC21/slim">

  <leader>00817nam a2200217 a 4500</leader>
  <controlfield tag="001">43923</controlfield>
  <controlfield tag="003">BD-RjUL</controlfield>
  <controlfield tag="005">20211209053754.0</controlfield>
  <controlfield tag="008">160629s2013    bg ||||| |||| 00| 0 eng d</controlfield>
  <datafield tag="035" ind1=" " ind2=" ">
    <subfield code="a">(BD-RjUL)44041</subfield>
  </datafield>
  <datafield tag="040" ind1=" " ind2=" ">
    <subfield code="a">BD-RjUL</subfield>
    <subfield code="b">eng</subfield>
    <subfield code="c">BD-RjUL</subfield>
  </datafield>
  <datafield tag="041" ind1=" " ind2=" ">
    <subfield code="a">eng</subfield>
  </datafield>
  <datafield tag="082" ind1=" " ind2=" ">
    <subfield code="2">23 </subfield>
    <subfield code="a">891.443 </subfield>
    <subfield code="b">SAV 2013 </subfield>
  </datafield>
  <datafield tag="100" ind1=" " ind2=" ">
    <subfield code="a">&#x9B8;&#x9BE;&#x982;&#x995;&#x9C3;&#x9A4;&#x9CD;&#x9AF;&#x9BE;&#x9AF;&#x9BC;&#x9A8;, &#x9B0;&#x9BE;&#x9B9;&#x9C1;&#x9B2;</subfield>
    <subfield code="9">134947</subfield>
  </datafield>
  <datafield tag="245" ind1="1" ind2="0">
    <subfield code="a">&#x9AD;&#x9CB;&#x9B2;&#x997;&#x9BE; &#x9A5;&#x9C7;&#x995;&#x9C7; &#x997;&#x999;&#x9CD;&#x997;&#x9BE; / </subfield>
    <subfield code="c">&#x9B0;&#x9BE;&#x9B9;&#x9C1;&#x9B2; &#x9B8;&#x9BE;&#x982;&#x995;&#x9C3;&#x9A4;&#x9CD;&#x9AF;&#x9BE;&#x9AF;&#x9BC;&#x9A8; </subfield>
  </datafield>
  <datafield tag="260" ind1=" " ind2=" ">
    <subfield code="a">&#x9A2;&#x9BE;&#x995;&#x9BE; : </subfield>
    <subfield code="b">&#x9AC;&#x9C1;&#x995; &#x9B8;&#x9C7;&#x9A8;&#x9CD;&#x99F;&#x9BE;&#x9B0;, </subfield>
    <subfield code="c">&#x9E8;&#x9E6;&#x9E7;&#x9E9; </subfield>
  </datafield>
  <datafield tag="300" ind1=" " ind2=" ">
    <subfield code="a">&#x9E9;&#x9E9;&#x9E9; &#x9AA;&#x9C3;. ;</subfield>
    <subfield code="c">&#x9E8;&#x9E7; &#x9B8;&#x9C7;&#x9AE;&#x9BF;. </subfield>
  </datafield>
  <datafield tag="650" ind1=" " ind2=" ">
    <subfield code="a">&#x9AC;&#x9BE;&#x982;&#x9B2;&#x9BE; &#x9B8;&#x9BE;&#x9B9;&#x9BF;&#x9A4;&#x9CD;&#x9AF; </subfield>
    <subfield code="x">&#x99B;&#x9CB;&#x99F;&#x997;&#x9B2;&#x9CD;&#x9AA; </subfield>
    <subfield code="9">123283</subfield>
  </datafield>
  <datafield tag="650" ind1=" " ind2=" ">
    <subfield code="a">Bengali Literature </subfield>
    <subfield code="x">Short Stories </subfield>
    <subfield code="9">134948</subfield>
  </datafield>
  <datafield tag="942" ind1=" " ind2=" ">
    <subfield code="2">ddc</subfield>
    <subfield code="c">BK</subfield>
    <subfield code="0">1</subfield>
  </datafield>
  <datafield tag="999" ind1=" " ind2=" ">
    <subfield code="c">43923</subfield>
    <subfield code="d">43923</subfield>
  </datafield>
  <datafield tag="952" ind1=" " ind2=" ">
    <subfield code="0">0</subfield>
    <subfield code="1">0</subfield>
    <subfield code="2">ddc</subfield>
    <subfield code="4">0</subfield>
    <subfield code="7">0</subfield>
    <subfield code="8">NFIC</subfield>
    <subfield code="a">RUCL</subfield>
    <subfield code="b">RUCL</subfield>
    <subfield code="c">Stack</subfield>
    <subfield code="d">1958-12-03</subfield>
    <subfield code="e">Nawroge Kitabstan, Dhaka</subfield>
    <subfield code="g">7.20</subfield>
    <subfield code="l">22</subfield>
    <subfield code="m">1</subfield>
    <subfield code="o">B 891.443  SAV 2013</subfield>
    <subfield code="r">2026-04-27 12:48:17</subfield>
    <subfield code="s">2026-04-12</subfield>
    <subfield code="t">C-2</subfield>
    <subfield code="w">2016-06-29</subfield>
    <subfield code="y">BK</subfield>
  </datafield>
</record>
